Los incas /

Estudio de la civilización inca, que parte de las inquietudes e interrogantes que generan las ruinas de Tihuanacu, Bolivia, para adentrarse en los orígenes, instituciones, conceptos religiosos y caída del grupo precolombino más desarrollado que surgió en América del Sur.

Na minha lista:
Detalhes bibliográficos
Autor principal: Capdevila, Arturo (autor)
Formato: Livro
Idioma:espanhol
Colecção:(Iniciación Cultural Labor. Ciencias Históricas ; 393)
Assuntos:
Tags: Adicionar Tag
Sem tags, seja o primeiro a adicionar uma tag!

MARC

LEADER 00000nam^a2200000^a^4500
001 000099777
005 20250521000000.0
009 20260310093138.719
037 |a Acervo ITESO - Biblioteca 
041 |a ESP 
082 |a 985. 019  |b CAP 
100 |a Capdevila, Arturo  |e (autor) 
245 1 4 |a Los incas /  |c A. Capdevila. 
264 |a Barcelona, España :  |b Labor,  |c 1937 
300 |a 178 p. 
336 |a texto  |b txt  |2 rdacontenido 
337 |a sin mediación  |b n  |2 rdamedio 
338 |a volumen  |b nc  |2 rdasoporte 
440 1 |a (Iniciación Cultural Labor.  |p Ciencias Históricas ;  |v 393) 
520 |a Estudio de la civilización inca, que parte de las inquietudes e interrogantes que generan las ruinas de Tihuanacu, Bolivia, para adentrarse en los orígenes, instituciones, conceptos religiosos y caída del grupo precolombino más desarrollado que surgió en América del Sur. 
649 |a XX 
650 |a Incas -  |x Historia 
650 |a Indígenas de América del Sur -  |x Historia 
650 |a Perú -  |x Historia -  |y Epoca Prehispánica 
650 |a Bolivia -  |x Historia -  |y Epoca Prehispánica 
650 |a Arqueología 
910 |a Fondo Jesús Rodríguez 
920 |a Impresos - Libros 
930 |a Fondos Especiales 
905 |a 113 
901 |a 0500036052  |b IT2  |c ESP  |u 20250521 
902 |a https://opac.biblio.iteso.mx/vufind/Record/000099777